[Event "Amsterdam NED"]
[Site "Amsterdam NED"]
[Date "1994.??.??"]
[Round "?"]
[White "Short, Nigel D"]
[Black "Kasparov, Gary"]
[Result "1/2-1/2"]
[WhiteElo "2655"]
[BlackElo "2805"]
[PlyCount "26"]
[EventDate "1994.??.??"]
[Source "www.chesslib.no"]
[SourceDate "2004.05.04"]

1. e4 c5 2. Nf3 e6 3. d4 cxd4 4. Nxd4 a6 5. Nc3 d6 6. g4 b5 7. a3 Bb7 8. Bg2 h6 9. O-O Nd7 10. f4 Rc8 11. Be3 g5 12. Qe2 gxf4 13. Rxf4 e5 1/2-1/2

[Event "24, Wch"]
[Site "24, Wch"]
[Date "1985.??.??"]
[Round "?"]
[White "Karpov, Anatoly"]
[Black "Kasparov, Gary"]
[Result "0-1"]
[WhiteElo "2720"]
[BlackElo "2715"]
[PlyCount "21"]
[EventDate "1985.??.??"]
[Source "www.chesslib.no"]
[SourceDate "2004.05.04"]

1. e4 c5 2. Nf3 d6 3. d4 cxd4 4. Nxd4 d5 5. Nc3 a6 6. Be2 e6 7. O-O Be7 8. f4 Kd7 9. Kh1 Qb6 10. a4 Qa5 11. h4 0-1

[Event "Linares"]
[Site "?"]
[Date "1994.??.??"]
[Round "?"]
[White "Shirov, A."]
[Black "Kamsky, G."]
[Result "1-0"]
[WhiteElo "2715"]
[BlackElo "2695"]
[PlyCount "107"]
[EventDate "1994.??.??"]
[Source "ChessBase"]
[SourceDate "1994.02.01"]

1. e4 c5 2. Nf3 e6 3. d4 cxd4 4. Nxd4 a6 5. Nc3 d6 6. Be3 b5 7. a4 b4 8. Na2 Nf6 9. Nxb4 Bb7 10. Bd3 d5 11. c3 Nxe4 12. Bxe4 dxe4 13. Qh5 Qc8 14. O-O Be7 15. Bg5 Bxg5 16. Qxg5 O-O 17. Rad1 Nd7 18. a5 h6 19. Qg3 Nf6 20. Nbc2 Rb8 21. Rc1 Bd5 22. b4 Bc4 23. Rfd1 Nd5 24. Ne3 Nxe3 25. fxe3 Rd8 26. Qe5 Qb7 27. Nc2 Bd3 28. Nd4 Rd5 29. Qg3 Rc8 30. Nb3 Rc6 31. Nc5 Rcxc5 32. bxc5 Rxc5 33. c4 Rg5 34. Qe1 Qc7 35. c5 Rxc5 36. Rxc5 Qxc5 37. Rc1 Qg5 38. h4 Qe5 39. Qc3 Qg3 40. Qe1 Qg4 41. Rc5 Kh7 42. Kh2 g5 43. hxg5 hxg5 44. Rc8 Kg6 45. Rh8 f6 46. Qc3 Qe2 47. Qc7 Kf5 48. Qh7+ Ke5 49. Qa7 Kf5 50. Rh6 Qf2 51. Kh3 g4+ 52. Kh2 g3+ 53. Kh3 Qe2 54. Qg7 1-0

[Event "Los Angeles"]
[Site "?"]
[Date "1997.??.??"]
[Round "?"]
[White "Shabalov, A."]
[Black "Smirin, I."]
[Result "1/2-1/2"]
[WhiteElo "2585"]
[BlackElo "2600"]
[PlyCount "51"]
[EventDate "1997.??.??"]
[Source "ChessBase"]
[SourceDate "1997.06.01"]

1. e4 c5 2. Nf3 Nc6 3. d4 cxd4 4. Nxd4 e6 5. Nc3 d6 6. g4 Nge7 7. Be3 a6 8. g5 b5 9. f4 Bb7 10. Bg2 h6 11. h4 hxg5 12. hxg5 Rxh1+ 13. Bxh1 Rc8 14. Nxc6 Nxc6 15. Qg4 Qa5 16. g6 b4 17. gxf7+ Kxf7 18. Ne2 b3+ 19. Kf2 bxc2 20. Rg1 Qxa2 21. e5 Nd8 22. f5 Kg8 23. Bxb7 Nxb7 24. f6 Rc7 25. Qh5 Qd5 26. fxg7 1/2-1/2

[Event "Corr"]
[Site "?"]
[Date "2000.09.30"]
[Round "?"]
[White "Lueers Jan Christoffer"]
[Black "Costa Carlos Evanir"]
[Result "1/2-1/2"]
[WhiteElo "2516"]
[BlackElo "2616"]
[PlyCount "53"]
[EventDate "2000.??.??"]
[Source "www.chesslib.no"]
[SourceDate "2004.05.04"]

1. e4 c5 2. Nf3 e6 3. d4 cxd4 4. Nxd4 Nc6 5. Nc3 d6 6. g4 a6 7. Be3 Nge7 8. Nb3 b5 9. f4 Bb7 10. Qf3 g5 11. O-O-O gxf4 12. Qxf4 Ng6 13. Qg3 Nce5 14. a3 Qc7 15. Nd4 Rc8 16. Kb1 Nc4 17. Bxc4 Qxc4 18. Rhf1 Be7 19. h3 b4 20. axb4 Qxb4 21. Qf2 Ne5 22. Bd2 Qb6 23. Na4 Qd8 24. Bf4 Bh4 25. Qe2 Qa5 26. Nc3 Be7 27. Qf2 1/2-1/2

[Event "otb"]
[Site "otb"]
[Date "2007.02.11"]
[Round "8"]
[White "Berelovich Aleksandar"]
[Black "Van Den Doel Erik"]
[Result "1-0"]
[WhiteElo "2549"]
[BlackElo "2581"]
[PlyCount "103"]
[Source "www.chesslib.no"]
[SourceDate "2004.05.04"]

1. e4 c5 2. Nf3 e6 3. Nc3 d6 4. d4 cxd4 5. Nxd4 Nc6 6. g4 a6 7. Be3 Nge7 8. Nb3 b5 9. f4 Bb7 10. Qd2 g5 11. O-O-O gxf4 12. Bxf4 Ng6 13. Bxd6 Bxd6 14. Qxd6 Qxd6 15. Rxd6 Ke7 16. Rd2 Ra7 17. Nc5 Ba8 18. Rg1 Nce5 19. Rg3 h5 20. gxh5 Rxh5 21. b4 Nd7 22. Nxd7 Rxd7 23. Rxd7+ Kxd7 24. Rh3 Rg5 25. Kb2 Rg1 26. Bd3 Nf4 27. Rh7 Ke7 28. a4 Bc6 29. axb5 Nxd3+ 30. cxd3 Rg2+ 31. Kb3 axb5 32. Nb1 Be8 33. Kc3 Kd6 34. Nd2 f5 35. exf5 exf5 36. Rh6+ Kd5 37. Nf3 Rf2 38. Nd4 f4 39. Rf6 Bd7 40. h4 Ke5 41. Rg6 f3 42. Rg7 Bh3 43. Rg3 Bg2 44. Rg5+ Kd6 45. Nxb5+ Kd7 46. Rg7+ Kd8 47. Nd6 Re2 48. Ne4 f2 49. Nxf2 Rxf2 50. h5 Ke8 51. h6 Kf8 52. Rg5 1-0